Appellations of Burgundy - Statistics

General Stats
  • This quiz has been taken 511 times
    505 since last reset
  • The average score is 11 of 28
Answers on the Map
Answers color-coded by a green-red scale on the quiz's map according to % correct below.
 
Answer Stats
Answer % Correct
Côte de Beaune
70%
Côte de Nuits
70%
Côte d'Or
63%
Côte Chalonnaise
60%
Beaujolais
57%
Beaune
53%
Mâconnais
51%
Gevrey-Chambertin
43%
Mâcon
43%
Aloxe-Corton
42%
Nuits-Saint-Georges
41%
Meursault
40%
Vosne-Romanée
38%
Chassagne-Montrachet
37%
Fleurie
36%
Pommard
34%
Puligny-Montrachet
33%
Brouilly
32%
Morgon
32%
Rully
32%
Moulin-à-Vent
31%
Givry
30%
Mercurey
30%
Vougeot
30%
Pouilly-Fuissé
28%
Volnay
28%
Saint-Véran
27%
Montagny
26%
No matching quizzes found
Score Distribution
Percent of People with Each Score
Percentile by Number Answered
Your Score History
You have not taken this quiz since the last reset